[Event "Reykjavik"]
[Site "Reykjavik"]
[Date "1987.??.??"]
[Round "10"]
[White "Olafsson, Helgi"]
[Black "Kortschnoj, Viktor Lvovich"]
[Result "0-1"]
[WhiteElo "2555"]
[BlackElo "2625"]
[PlyCount "92"]
[EventDate "1987.02.19"]
[EventType "tourn"]
[EventRounds "11"]
[EventCountry "ISL"]
[EventCategory "14"]
[SourceTitle "CBM 002"]
[Source "ChessBase"]
[SourceDate "1988.02.01"]
[SourceVersion "1"]
[SourceVersionDate "1988.02.01"]
[SourceQuality "1"]

1. Nf3 Nf6 2. c4 e6 3. g3 a6 4. Nc3 d5 5. cxd5 exd5 6. Bg2 Bd6 7. d4 Nbd7 8.
Bf4 Bxf4 9. gxf4 Nb6 10. O-O O-O 11. Ne5 Bf5 12. e3 c6 13. Ne2 Ng4 14. Ng3 Nh6
15. Qh5 Bg6 16. Nxg6 fxg6 17. Qd1 Nc4 18. b3 Nd6 19. Bh3 Qh4 20. Kg2 Rae8 21.
Rc1 Ndf7 22. Rc2 g5 23. fxg5 Nxg5 24. Qh5 Qxh5 25. Nxh5 Nxh3 26. Kxh3 Rxe3+ 27.
fxe3 Rxf1 28. Kg2 Nf5 29. Re2 Rc1 30. Nf4 Rc2 31. Kf2 Rxe2+ 32. Kxe2 Kf7 33.
Nd3 Kf6 34. Nc5 Nd6 35. b4 Kf5 36. Kf3 g5 37. h3 h5 38. a4 g4+ 39. hxg4+ hxg4+
40. Kg2 Kg5 41. a5 Kh4 42. Kh2 g3+ 43. Kg2 Kg4 44. Nd7 Nc4 45. Nf6+ Kg5 46. Nd7
Kh4 0-1

[Event "Festival di Genova"]
[Site "Genova"]
[Date "1987.??.??"]
[Round "?"]
[White "Kortschnoj, Viktor Lvovich"]
[Black "Rogulj, Branko"]
[Result "1-0"]
[WhiteElo "2625"]
[BlackElo "2385"]
[PlyCount "69"]
[EventDate "1987.03.15"]
[EventType "swiss"]
[EventRounds "9"]
[EventCountry "ITA"]
[SourceTitle "EXT 2010"]
[Source "ChessBase"]
[SourceDate "2010.11.25"]
[SourceVersion "1"]
[SourceVersionDate "2010.11.25"]
[SourceQuality "1"]

1. d4 Nf6 2. c4 g6 3. Nc3 d5 4. Nf3 Bg7 5. Qb3 dxc4 6. Qxc4 O-O 7. e4 a6 8. Qb3
c5 9. dxc5 Nbd7 10. c6 bxc6 11. Be2 a5 12. O-O a4 13. Qc2 a3 14. b4 c5 15. b5
Bb7 16. Rb1 c4 17. Rd1 Qc7 18. Bg5 Nb6 19. Be3 Na4 20. b6 Qc6 21. Nd4 Qe8 22.
Ndb5 Nb2 23. Nc7 Qc8 24. Nxa8 Qxa8 25. f3 Nxd1 26. Rxd1 Rc8 27. Nb5 Ng4 28.
fxg4 Bxe4 29. Qd2 c3 30. Qd7 c2 31. Rf1 Bb2 32. Nc7 Qb8 33. Qxe7 c1=Q 34. Qxf7+
Kh8 35. Rxc1 1-0

[Event "Beersheba"]
[Site "Beersheba"]
[Date "1987.??.??"]
[Round "?"]
[White "Farago, Ivan"]
[Black "Kortschnoj, Viktor Lvovich"]
[Result "0-1"]
[WhiteElo "2535"]
[BlackElo "2625"]
[PlyCount "108"]
[EventDate "1987.03.25"]
[EventType "tourn"]
[EventRounds "11"]
[EventCountry "ISR"]
[EventCategory "11"]
[SourceTitle "CBM 005"]
[Source "ChessBase"]
[SourceDate "1988.08.01"]
[SourceVersion "1"]
[SourceVersionDate "1988.08.01"]
[SourceQuality "1"]

1. d4 Nf6 2. c4 e6 3. Nf3 Bb4+ 4. Bd2 c5 5. Bxb4 cxb4 6. g3 O-O 7. Bg2 d6 8.
O-O Nc6 9. Nbd2 e5 10. d5 Nb8 11. a3 Na6 12. Ne1 Bg4 13. Nd3 Qb6 14. h3 Bh5 15.
Re1 bxa3 16. Rxa3 Bg6 17. e4 Nd7 18. Qb3 f5 19. Qxb6 axb6 20. b4 Nf6 21. f3
fxe4 22. fxe4 Kf7 23. Rb3 Rac8 24. Nb2 Ke7 25. Na4 Nd7 26. h4 Ra8 27. Nb1 Nac5
28. bxc5 Rxa4 29. cxd6+ Kxd6 30. Nc3 Rxc4 31. Bf1 Rc5 32. Bh3 Rf3 33. Nb5+ Rxb5
34. Rxf3 Nf6 35. Rfe3 Rb4 36. Bg2 b5 37. Bf3 h5 38. R3e2 Rc4 39. Kf2 b4 40. Re3
Rc2+ 41. R1e2 Rc1 42. Re1 Rc4 43. R1e2 Nd7 44. g4 hxg4 45. Bxg4 Nc5 46. Bf3 b3
47. Kg3 b5 48. h5 Bh7 49. Re1 b4 50. Rb1 Bxe4 51. Bxe4 Nxe4+ 52. Kh3 Nd2 53.
Rb2 Rc3 54. Rg3 Ne4 0-1

[Event "SWIFT-Chess World Championship"]
[Site "Brussels"]
[Date "1987.??.??"]
[Round "?"]
[White "Kortschnoj, Viktor Lvovich"]
[Black "Karpov, Anatoly"]
[Result "1-0"]
[WhiteElo "2625"]
[BlackElo "2710"]
[PlyCount "113"]
[EventDate "1987.04.??"]
[EventType "tourn (blitz)"]
[EventRounds "22"]
[EventCountry "BEL"]
[EventCategory "15"]
[SourceTitle "CBM 002"]
[Source "ChessBase"]
[SourceDate "1988.02.01"]
[SourceVersion "1"]
[SourceVersionDate "1988.02.01"]
[SourceQuality "1"]

1. Nf3 Nf6 2. c4 e6 3. Nc3 b6 4. g3 Bb7 5. Bg2 Be7 6. O-O O-O 7. d4 d5 8. cxd5
Nxd5 9. Nxd5 Bxd5 10. Qc2 Nd7 11. e4 Bb7 12. Rd1 Rc8 13. Bf4 Qe8 14. Rac1 Nf6
15. Ne5 Bd6 16. Qe2 h6 17. Rc2 Qe7 18. Nc6 Bxc6 19. Rxc6 Bxf4 20. gxf4 Rfd8 21.
Bh3 Rb8 22. Kh1 Rd6 23. Rc3 Rd7 24. f5 e5 25. d5 Kf8 26. Rdc1 Rbd8 27. Bg2 a5
28. Qc2 Ne8 29. Bh3 Rd6 30. Qd2 c5 31. Qe3 Qh4 32. Re1 g5 33. Qg3 Qf4 34. Qxf4
gxf4 35. Bf1 Rf6 36. Rb3 Rb8 37. Rc1 Nd6 38. f3 Nb7 39. Ba6 a4 40. Ra3 Nd6 41.
Bf1 Ra8 42. b3 Nb7 43. Rxa4 Rxa4 44. bxa4 Ke7 45. Ba6 Na5 46. Rb1 Rd6 47. Kg2
Kd8 48. Kh3 Kc7 49. Kg4 Rd8 50. Kh5 Rg8 51. Rb2 Rg1 52. Kxh6 f6 53. h4 Rg3 54.
d6+ Kc6 55. d7 Kxd7 56. Rxb6 Nc6 57. Bb5 1-0

[Event "SWIFT-Chess World Championship"]
[Site "Brussels"]
[Date "1987.??.??"]
[Round "?"]
[White "Kortschnoj, Viktor Lvovich"]
[Black "Torre, Eugenio"]
[Result "1-0"]
[WhiteElo "2625"]
[BlackElo "2540"]
[PlyCount "105"]
[EventDate "1987.04.??"]
[EventType "tourn (blitz)"]
[EventRounds "22"]
[EventCountry "BEL"]
[EventCategory "15"]
[SourceTitle "CBM 002"]
[Source "ChessBase"]
[SourceDate "1988.02.01"]
[SourceVersion "1"]
[SourceVersionDate "1988.02.01"]
[SourceQuality "1"]

1. Nf3 d5 2. c4 c6 3. e3 Nf6 4. b3 Bg4 5. Bb2 e6 6. Be2 Nbd7 7. O-O Bd6 8. d4
O-O 9. Nbd2 Qe7 10. Ne5 Bxe2 11. Qxe2 Ba3 12. Bxa3 Qxa3 13. f4 Rfd8 14. g4 Qe7
15. g5 Ne8 16. c5 Nxe5 17. fxe5 Qxg5+ 18. Kh1 f6 19. Nf3 Qh5 20. Qg2 f5 21. Ng5
Qg6 22. h4 Nc7 23. Qf3 h6 24. Nh3 Qf7 25. Rg1 Kf8 26. Nf4 Ke7 27. Rg6 Rg8 28.
Rag1 Rae8 29. Nh5 Kd8 30. Nxg7 Ref8 31. Qf4 Rxg7 32. Rxg7 Qh5 33. R7g6 Nb5 34.
Rxh6 Qe2 35. Rxe6 Nc3 36. Reg6 Ne4 37. R6g2 Qh5 38. Kh2 Rh8 39. Rg8+ Rxg8 40.
Rxg8+ Ke7 41. Rg5 Qe2+ 42. Rg2 Qh5 43. Kh3 Ke6 44. Rg5 Qh7 45. Kg2 b6 46. b4
bxc5 47. bxc5 Nc3 48. h5 Ne2 49. Rg6+ Ke7 50. Qxf5 Nc3 51. Re6+ Kd8 52. Rd6+
Kc7 53. Qxh7+ 1-0

[Event "SWIFT-Chess World Championship"]
[Site "Brussels"]
[Date "1987.??.??"]
[Round "?"]
[White "Kortschnoj, Viktor Lvovich"]
[Black "Van der Wiel, John"]
[Result "1-0"]
[WhiteElo "2625"]
[BlackElo "2590"]
[PlyCount "69"]
[EventDate "1987.04.??"]
[EventType "tourn (blitz)"]
[EventRounds "22"]
[EventCountry "BEL"]
[EventCategory "15"]
[SourceTitle "CBM 002"]
[Source "ChessBase"]
[SourceDate "1988.02.01"]
[SourceVersion "1"]
[SourceVersionDate "1988.02.01"]
[SourceQuality "1"]

1. d4 Nf6 2. c4 g6 3. Nc3 Bg7 4. e4 d6 5. Be2 O-O 6. Nf3 e5 7. O-O Nc6 8. d5
Ne7 9. Ne1 Nd7 10. Be3 f5 11. f3 f4 12. Bf2 g5 13. a4 a5 14. Nd3 b6 15. b4 h5
16. bxa5 Rxa5 17. Nb5 Nf6 18. Be1 Ra6 19. a5 g4 20. axb6 cxb6 21. Bb4 Rxa1 22.
Qxa1 Ne8 23. Qa8 g3 24. h3 Nc7 25. Qb8 Nexd5 26. Bxd6 Nxb5 27. Bxf8 Ndc3 28.
Bxg7 Nxe2+ 29. Kh1 Qxd3 30. Qxc8+ Kxg7 31. cxb5 Nd4 32. Rc1 Nxb5 33. Qb7+ Kf6
34. Qxb6+ Kg5 35. h4+ 1-0

[Event "SWIFT-Chess World Championship"]
[Site "Brussels"]
[Date "1987.??.??"]
[Round "?"]
[White "Ljubojevic, Ljubomir"]
[Black "Kortschnoj, Viktor Lvovich"]
[Result "0-1"]
[WhiteElo "2620"]
[BlackElo "2625"]
[PlyCount "70"]
[EventDate "1987.04.??"]
[EventType "tourn (blitz)"]
[EventRounds "22"]
[EventCountry "BEL"]
[EventCategory "15"]
[SourceTitle "CBM 002"]
[Source "ChessBase"]
[SourceDate "1988.02.01"]
[SourceVersion "1"]
[SourceVersionDate "1988.02.01"]
[SourceQuality "1"]

1. d4 Nf6 2. c4 g6 3. Nf3 Bg7 4. g3 d5 5. cxd5 Nxd5 6. Bg2 O-O 7. O-O Nb6 8.
Nc3 Nc6 9. d5 Na5 10. e4 c6 11. Nd4 cxd5 12. exd5 Nac4 13. Re1 h6 14. b3 Nd6
15. Bb2 Bd7 16. Qd2 Rc8 17. Ne4 Re8 18. Rad1 Rc7 19. Ba3 Nbc8 20. h3 Nxe4 21.
Rxe4 Nd6 22. Ree1 Qc8 23. Rxe7 Rxe7 24. Bxd6 Bxh3 25. Bxe7 Rxe7 26. d6 Re8 27.
Bxh3 Qxh3 28. Nf3 Qd7 29. Qd5 Re6 30. Qc5 Re8 31. Qxa7 Qc6 32. Kg2 Rd8 33. b4
Bf8 34. Qc5 Rxd6 35. Rxd6 Qxd6 0-1

[Event "SWIFT-Chess World Championship"]
[Site "Brussels"]
[Date "1987.??.??"]
[Round "?"]
[White "Timman, Jan H"]
[Black "Kortschnoj, Viktor Lvovich"]
[Result "0-1"]
[WhiteElo "2590"]
[BlackElo "2625"]
[PlyCount "80"]
[EventDate "1987.04.??"]
[EventType "tourn (blitz)"]
[EventRounds "22"]
[EventCountry "BEL"]
[EventCategory "15"]
[SourceTitle "CBM 002"]
[Source "ChessBase"]
[SourceDate "1988.02.01"]
[SourceVersion "1"]
[SourceVersionDate "1988.02.01"]
[SourceQuality "1"]

1. d4 Nf6 2. c4 e6 3. Nf3 b6 4. g3 Ba6 5. b3 Bb7 6. Bg2 Bb4+ 7. Bd2 a5 8. O-O
O-O 9. Nc3 Ne4 10. Nxe4 Bxe4 11. Bf4 Be7 12. Ne1 Bxg2 13. Kxg2 d6 14. Nf3 Nd7
15. e4 Bf6 16. Be3 e5 17. d5 Be7 18. Qc2 f6 19. h4 g6 20. h5 f5 21. Bh6 Rf7 22.
Rh1 fxe4 23. Nd2 gxh5 24. Rxh5 Nf6 25. Rh4 Qd7 26. Qd1 Qf5 27. Qe2 Bf8 28. Be3
h5 29. Rah1 Bg7 30. Qd1 Ng4 31. Qe2 Raf8 32. Rf1 Qg6 33. Nb1 Rf3 34. Nd2 Bf6
35. Rh3 Be7 36. Rfh1 h4 37. Rxh4 Bxh4 38. Rxh4 Nxe3+ 39. fxe3 Qxg3+ 40. Kh1
Qxh4+ 0-1

[Event "Brussels"]
[Site "Brussels"]
[Date "1987.04.10"]
[Round "1"]
[White "Van der Wiel, John"]
[Black "Kortschnoj, Viktor Lvovich"]
[Result "0-1"]
[WhiteElo "2590"]
[BlackElo "2625"]
[PlyCount "68"]
[EventDate "1987.04.10"]
[EventType "tourn"]
[EventRounds "11"]
[EventCountry "BEL"]
[EventCategory "14"]
[SourceTitle "CBM 002"]
[Source "ChessBase"]
[SourceDate "1988.02.01"]
[SourceVersion "1"]
[SourceVersionDate "1988.02.01"]
[SourceQuality "1"]

1. e4 e6 2. d4 d5 3. Nd2 c5 4. exd5 exd5 5. Ngf3 Nc6 6. Bb5 Bd6 7. dxc5 Bxc5 8.
O-O Nge7 9. Nb3 Bb6 10. Be3 Bxe3 11. Bxc6+ bxc6 12. fxe3 O-O 13. Qd2 Qb6 14.
Qc3 Rb8 15. Nfd4 Ba6 16. Nf5 Nxf5 17. Rxf5 Bc4 18. Rf3 Rfe8 19. Rg3 g6 20. Rd1
c5 21. Rh3 a5 22. Qe1 a4 23. Nd2 Bxa2 24. Qh4 h5 25. Qxa4 Qxb2 26. Rf1 Re7 27.
Qf4 Rbe8 28. Nf3 Bc4 29. Re1 Qc3 30. e4 Rxe4 31. Rxe4 Qa1+ 32. Kf2 Rxe4 33. Qd6
Qf1+ 34. Kg3 Rg4# 0-1

[Event "Brussels"]
[Site "Brussels"]
[Date "1987.04.16"]
[Round "6"]
[White "Larsen, Bent"]
[Black "Kortschnoj, Viktor Lvovich"]
[Result "0-1"]
[WhiteElo "2565"]
[BlackElo "2625"]
[Annotator "Kortschnoj,V"]
[PlyCount "34"]
[EventDate "1987.04.10"]
[EventType "tourn"]
[EventRounds "11"]
[EventCountry "BEL"]
[EventCategory "14"]
[SourceTitle "CBM 002"]
[Source "ChessBase"]
[SourceDate "1988.02.01"]
[SourceVersion "1"]
[SourceVersionDate "1988.02.01"]
[SourceQuality "1"]

1. c4 Nf6 2. g3 c6 3. Nf3 d5 4. b3 Qb6 $5 5. Bg2 (5. Bb2 dxc4 6. Bxf6 exf6 7.
bxc4 Be6 $11) (5. d4 e5 $1 6. dxe5 (6. c5 $1 Qc7 7. dxe5 Ne4 8. Bg2 Bxc5 9. O-O
O-O $11) 6... Bb4+ 7. Bd2 Ne4 8. e3 Bg4 9. Bg2 Nd7 $36) (5. Nc3 Ne4 6. e3 (6.
Nxe4 $1 dxe4 7. Ng5 Qd4 8. Rb1 Qe5 9. d4 $16) 6... Nxc3 7. dxc3 e6 8. cxd5 exd5
9. Bg2 Be7 $11) (5. Qc2) 5... e5 6. O-O (6. Nxe5 $4 Qd4 {[%cal Rd4e5,Rd4a1]})
6... e4 7. Ne1 (7. Ng5 h6 8. Nh3 dxc4 (8... g5) (8... h5) 9. bxc4 Be7 10. Nc3
Na6 11. Qc2 Bf5 12. Rb1 Qc7 $13) 7... h5 $1 (7... Bd6 8. Bb2 $6 (8. Nc3 O-O 9.
d4 $1 (9. d3 Be5 10. Bb2 Re8) 9... exd3 (9... Qd8 10. Bg5 Be7 11. Bf4 {[%csl
Rd5]}) 10. exd3 (10. Qxd3) (10. Nxd3 dxc4 11. Nb2 $16)) 8... dxc4 9. Bxf6 gxf6
10. bxc4 f5 $13) (7... dxc4 $5 8. bxc4 Be6 9. Qc2 Qa6 (9... Qd4 $5)) 8. Nc3 $2
(8. h3 $2 h4 9. g4 Nxg4 10. hxg4 h3 11. Bh1 h2+ 12. Kg2 Bxg4 $19) (8. h4 $1 Bc5
$1 (8... Bd6 9. Nc3 $1 Bxg3 $140 10. Na4) 9. Nc3 Qc7 10. d4 (10. Kh1 Bxf2 $1
$13) 10... exd3 11. Qxd3 (11. Nxd3 Qxg3 12. Bf4 Qxh4 13. Qd2 Be7) (11. Bf4 Qa5
12. Qxd3 (12. Nxd3 Bd4 $13) 12... dxc4 $11) 11... dxc4 12. Qxc4 Bd6 $14) 8...
h4 9. d4 hxg3 10. fxg3 Qa5 $6 (10... Be6 $17 {[%cal Yb8d7]}) 11. Qc2 $2 (11.
Bd2 e3) (11. Nc2 Qxc3 (11... dxc4 12. Nxe4 Nxe4 13. Bxe4 Qh5 14. h4 Bd6 15. Bf4
) 12. Bd2 Qb2 13. Bc1 $11) (11. Na4 Be6 12. Bd2 (12. Qc2)) (11. Qd2 $5 Bb4 12.
Bb2 dxc4 13. bxc4 Be6 14. Nc2 Qh5 15. h4 Bd6 16. Qg5 Nbd7 17. Ne3 O-O-O $13)
11... Bb4 12. Bb2 (12. Bd2 e3 13. a3 exd2 14. axb4 Qxa1 (14... dxe1=N $1 15.
Raxe1 Qb6 $1) 15. Nd3 Qa6 16. cxd5 $44) 12... Be6 13. cxd5 $6 (13. a3) (13. Qd2
) 13... Nxd5 $1 14. Nxd5 cxd5 15. a3 Bd2 $2 (15... Bd6 $17) 16. Qd1 $4 (16. Kh1
$1 Nc6 $2 (16... Be3 17. Qc5 $1 Nc6 18. Nc2 Bg5 19. Nb4 $15) 17. b4 Qc7 18.
Qxd2 Qxg3 19. Qf4 $1 $16) 16... Be3+ 17. Kh1 Qc7 0-1

[Event "Interzonal-14c"]
[Site "Zagreb"]
[Date "1987.??.??"]
[Round "10"]
[White "Kortschnoj, Viktor Lvovich"]
[Black "Hulak, Krunoslav"]
[Result "1-0"]
[WhiteElo "2630"]
[BlackElo "2495"]
[Annotator "Ftacnik,L"]
[PlyCount "69"]
[EventDate "1987.08.01"]
[EventType "tourn"]
[EventRounds "17"]
[EventCountry "YUG"]
[EventCategory "12"]
[SourceTitle "CBM 004"]
[Source "ChessBase"]
[SourceDate "1988.06.01"]
[SourceVersion "1"]
[SourceVersionDate "1988.06.01"]
[SourceQuality "1"]

1. Nf3 Nf6 2. c4 g6 3. Nc3 Bg7 4. e4 O-O 5. Be2 d6 6. d4 e5 7. O-O Nc6 8. d5
Ne7 9. Ne1 Nd7 10. Be3 f5 11. f3 f4 12. Bf2 g5 13. Nb5 $1 {Kortschnoj} a6 14.
Na7 Rxa7 (14... Nf6 15. Nxc8 {><g4}) 15. Bxa7 b6 16. b4 (16. c5 dxc5 (16...
Nxc5 17. b4 Nd7 18. Rc1 Bb7 19. Qc2 c5 20. dxc6 Nxc6 21. Bxa6 Bxa6 22. Qxc6
Bxf1 23. Kxf1 $16) 17. Qa4 Bb7 18. Bxa6 Bxa6 19. Qxa6 Qa8 20. a4 Nc8 (20... Nb8
21. Qc4) 21. a5 Qxa7 22. Qxa7 Nxa7 23. axb6 Nb5 24. bxc7 Rc8 $17 {Kortschnoj})
16... Bb7 17. c5 (17. Qa4 $5) 17... dxc5 (17... bxc5 18. bxc5 Qa8 19. Bb6 cxb6
20. c6 $18) 18. Rc1 $1 (18. bxc5 Nxc5 19. Rc1 Qd6 $19) 18... Nc8 (18... cxb4
19. Qa4 (19. d6 Nc6 20. Bxa6 Bxa6 21. Rxc6 $16) 19... a5 20. Bb5 Nf6 21. Qc2
Qa8 (21... Nc8 22. Bb8 $18) (21... Nexd5 22. exd5 Nxd5 23. Bc4 Rf7 24. Nd3 Rd7
25. Rfe1 $18) 22. Qxc7 Rc8 23. Qxe7 Rxc1 24. Qe6+ Kh8 25. Qxb6 $18 {Kortschnoj}
) 19. bxc5 Ba8 (19... Nxc5 20. Rxc5 $18) 20. c6 Nf6 21. Bxb6 Nxb6 22. Bxa6 $16
g4 (22... Qb8 23. Kh1 Qa7 24. Qe2 $16) 23. Nd3 g3 $2 (23... h5 $142) (23... Qb8
$142) 24. h3 $18 Ne8 25. Nc5 Qb8 26. a4 Nd6 27. a5 Nbc8 28. Kh1 Qa7 29. Qc2 Ne7
30. Rb1 Ng6 31. Rfc1 Bf6 32. Bf1 Bxc6 (32... Qxa5 33. Ra1 Qb4 34. Rcb1 Qd4 35.
Ne6) 33. dxc6 Qxa5 34. Ra1 Qb4 35. Ne6 1-0

[Event "Interzonal-14c"]
[Site "Zagreb"]
[Date "1987.??.??"]
[Round "15"]
[White "Kortschnoj, Viktor Lvovich"]
[Black "Seirawan, Yasser"]
[Result "1-0"]
[WhiteElo "2630"]
[BlackElo "2600"]
[Annotator "Ftacnik,L"]
[PlyCount "81"]
[EventDate "1987.08.01"]
[EventType "tourn"]
[EventRounds "17"]
[EventCountry "YUG"]
[EventCategory "12"]
[SourceTitle "CBM 004"]
[Source "ChessBase"]
[SourceDate "1988.06.01"]
[SourceVersion "1"]
[SourceVersionDate "1988.06.01"]
[SourceQuality "1"]

1. Nf3 Nf6 2. c4 b6 3. g3 Bb7 4. Bg2 c5 5. O-O g6 6. d4 cxd4 7. Qxd4 Bg7 8. Nc3
d6 9. Be3 Nbd7 10. Rac1 O-O 11. Qd2 Ne4 12. Nxe4 Bxe4 13. Rfd1 Qc7 14. Bh3 $5
Rab8 (14... Bxf3 15. exf3) 15. Nd4 Ba8 16. Nb5 (16. f3 $5) 16... Qb7 17. f3 a6
18. Nc3 b5 19. Nd5 $6 (19. cxb5 axb5 20. Nd5 $14) 19... e6 $6 (19... Ne5 20. b3
bxc4 21. bxc4 $16) (19... bxc4 20. Nxe7+ Kh8 21. Nd5 Qxd5 22. Qxd5 Bxd5 23.
Rxd5 Bxb2 24. Rxc4 Nb6 25. Bxb6 Rxb6 26. Ra5 $14) 20. Ne7+ Kh8 21. c5 Ne5 $8
22. cxd6 $8 (22. Qxd6 Rbe8 $8 23. c6 Qxe7 24. Qxe7 Rxe7 25. c7 Nc6 $17) 22...
Nc4 23. Rxc4 bxc4 24. d7 Rfd8 (24... Qxb2 25. d8=Q Rbxd8 26. Qxd8 Qxe2 (26...
c3 27. Qd3 Qa3 28. Bd4 $10) 27. Qd2 $8 Qxd2 (27... Qxf3 28. Bg2 $16) 28. Rxd2
Re8 29. Rd7 Bf6 30. Nc8 $1 Rxc8 31. Rxf7) 25. Bd4 $14 Qb4 26. Qg5 Qb5 (26...
Qa4 27. Rd2) (26... Bxd4+ 27. Rxd4 Kg7 28. Qe5+ Kf8 29. Qf6 $18) 27. Nxg6+ $1
fxg6 28. Bxg7+ Kxg7 29. Qe7+ Kh6 30. Rd4 Qb6 $4 (30... Bxf3 31. exf3 $8 Qb6 32.
Qh4+ Kg7 33. Kh1 h5 (33... Qc5 34. Bxe6 $18) 34. Qe7+ Kh6 35. g4 $14) 31. e3
$18 Qxd4 (31... Bxf3 32. Rh4+ Bh5 33. Rxh5+) 32. exd4 Bxf3 33. Bxe6 c3 34. bxc3
Rf8 35. Bb3 Bh5 36. h4 Bf3 37. g4 a5 38. Kh2 Ba8 39. Bd1 Bf3 40. g5+ Kh5 41.
Kg3 1-0

[Event "Interzonal-14c"]
[Site "Zagreb"]
[Date "1987.??.??"]
[Round "16"]
[White "Barlov, Dragan"]
[Black "Kortschnoj, Viktor Lvovich"]
[Result "0-1"]
[WhiteElo "2555"]
[BlackElo "2630"]
[Annotator "Ftacnik,L"]
[PlyCount "80"]
[EventDate "1987.08.01"]
[EventType "tourn"]
[EventRounds "17"]
[EventCountry "YUG"]
[EventCategory "12"]
[SourceTitle "CBM 004"]
[Source "ChessBase"]
[SourceDate "1988.06.01"]
[SourceVersion "1"]
[SourceVersionDate "1988.06.01"]
[SourceQuality "1"]

1. d4 d5 2. c4 e6 3. Nc3 Be7 4. Nf3 Nf6 5. Bg5 h6 6. Bh4 O-O 7. e3 b6 8. Qb3
Bb7 9. Bxf6 Bxf6 10. cxd5 exd5 11. Rd1 Re8 12. Be2 a6 (12... c6 13. O-O Nd7 14.
Bd3 Nf8 15. Qc2 (15. Rfe1 Ne6 $13) 15... Rc8 16. Bf5 Rc7 $13) 13. O-O Qd6 14.
Ne1 Nd7 15. Bf3 c6 16. e4 (16. Bg4 Bd8 $8 17. Na4 Nf6 18. Bf3 Rb8 $13) 16...
dxe4 17. Nxe4 Qc7 $8 (17... Qe7 $2 18. Nxf6+ Qxf6 19. Bg4 Rad8 20. Bxd7 Rxd7
21. Qxb6 $18) 18. Nc2 Be7 19. Ne3 (19. Bh5 Rf8 20. Ne3 Nf6 21. Nxf6+ Bxf6 22.
Bf3 Rad8 23. d5 cxd5 24. Bxd5 $14) 19... Nf6 20. Ng3 Rab8 21. Nc4 (21. Ngf5 c5
(21... Bf8 22. Nc4 b5 23. Ne5 c5 24. Bxb7 Rxb7 25. Qg3 g6 $13) 22. Nxe7+ Rxe7
23. Nf5 Ree8 24. Bxb7 Rxb7 25. dxc5 bxc5 26. Qc2 Qe5 $13) 21... b5 22. Ne5 Bd6
23. Nd3 Rbd8 24. Qc3 Nd5 25. Qc2 (25. Bxd5 cxd5 26. Qxc7 Bxc7 27. Nc5 Bc8 28.
Rfe1 $14) 25... Bc8 26. Nc5 g6 27. Nce4 Be7 28. a3 Nf4 29. Rfe1 h5 $2 (29...
Nd5 $5) 30. d5 $1 $18 Qb6 (30... Nxd5 31. Rxd5 Rxd5 32. Nf6+ Bxf6 33. Rxe8+ Kg7
34. Bxd5 $18) (30... Rxd5 31. Nf6+ Bxf6 32. Rxe8+ Kg7 33. Bxd5 Nxd5 34. Rxd5
$18) 31. dxc6 Bg4 32. Bxg4 hxg4 33. c7 Rc8 34. Rd7 (34. Nd6 $142 $1 Rxc7 (34...
Bxd6 35. Rxe8+ Rxe8 36. c8=Q $18) 35. Qe4 Bxd6 (35... Rd8 36. Nxf7 Rxd1 37.
Rxd1 Kxf7 38. Qxf4+ $18) 36. Qxe8+ Kg7 37. Qd8 Bc5 38. Ne4 Be7 39. Qd2 Ne6 40.
b4 $18) 34... Ne6 35. Rc1 $2 (35. Qd1 $142 Rxc7 (35... f5 36. Nd6 $18) 36. Rxc7
Qxc7 37. Qxg4 $16) 35... f5 $1 36. Nd2 $2 (36. Rxe7 $142 Rxe7 37. Nf6+ Kf7 38.
Nd5 Rexc7 39. Nxc7 Rxc7 40. Qd1 Rxc1 41. Qxc1 Nd4 42. Qd2 $10) 36... Nc5 37.
Rd5 Rxc7 38. Re1 $4 (38. Qd1 $8 Bf6 39. b4 Ne6 40. Rxc7 Qxc7 41. Nb3 Nf4 42.
Rc5 Qb7 43. f3 gxf3 44. Qxf3 Qxf3 45. gxf3 Re3 46. Rc6 Rxb3 47. Rxf6 Rxa3 $17)
38... Ne4 $19 39. Qd1 Nxf2 40. Qe2 Nd3+ 0-1

[Event "Reggio Emilia-A 8788 30th"]
[Site "Reggio Emilia"]
[Date "1987.??.??"]
[Round "?"]
[White "Kortschnoj, Viktor Lvovich"]
[Black "Andersson, Ulf"]
[Result "1-0"]
[WhiteElo "2630"]
[BlackElo "2600"]
[PlyCount "119"]
[EventDate "1987.12.27"]
[EventType "tourn"]
[EventRounds "9"]
[EventCountry "ITA"]
[EventCategory "15"]
[SourceTitle "CBM 005"]
[Source "ChessBase"]
[SourceDate "1988.08.01"]
[SourceVersion "1"]
[SourceVersionDate "1988.08.01"]
[SourceQuality "1"]

1. e4 c5 2. Nf3 d6 3. d4 cxd4 4. Nxd4 Nf6 5. Nc3 e6 6. g3 Be7 7. Bg2 O-O 8. O-O
a6 9. b3 Bd7 10. a4 Nc6 11. Bb2 Nxd4 12. Qxd4 Rc8 13. Rfc1 Bc6 14. a5 Qc7 15.
Na4 Rcd8 16. Nb6 d5 17. exd5 Bxd5 18. Nxd5 exd5 19. c4 Bc5 20. Qh4 d4 21. b4
Bxb4 22. Bxd4 Nd7 23. c5 Bxc5 24. Qg5 Bxd4 25. Rxc7 Bxa1 26. Bxb7 Bf6 27. Qf5
g6 28. Qc2 Ne5 29. Kg2 Rd6 30. Rc8 Rxc8 31. Qxc8+ Kg7 32. Bxa6 Rd5 33. Be2 Rxa5
34. f4 Rd5 35. fxe5 Rxe5 36. Bc4 Re7 37. Qc6 h6 38. Qd5 Re6 39. h4 h5 40. Kh3
Re7 41. g4 hxg4+ 42. Kxg4 Re6 43. Kh3 Re3+ 44. Kg2 Re7 45. h5 gxh5 46. Qxh5 Kf8
47. Qh6+ Bg7 48. Qd6 Be5 49. Qd8+ Re8 50. Qg5 Re7 51. Kf3 Bg7 52. Qc5 Bf6 53.
Kf4 Kg8 54. Qg1+ Bg7 55. Qg5 Rd7 56. Qb5 Re7 57. Qb8+ Bf8 58. Kf5 Re3 59. Qb7
Re7 60. Qb3 1-0

[Event "Reggio Emilia-A 8788 30th"]
[Site "Reggio Emilia"]
[Date "1987.??.??"]
[Round "?"]
[White "Kortschnoj, Viktor Lvovich"]
[Black "Vaganian, Rafael A"]
[Result "1-0"]
[WhiteElo "2630"]
[BlackElo "2595"]
[PlyCount "99"]
[EventDate "1987.12.27"]
[EventType "tourn"]
[EventRounds "9"]
[EventCountry "ITA"]
[EventCategory "15"]
[SourceTitle "CBM 005"]
[Source "ChessBase"]
[SourceDate "1988.08.01"]
[SourceVersion "1"]
[SourceVersionDate "1988.08.01"]
[SourceQuality "1"]

1. d4 Nf6 2. c4 g6 3. Nc3 d5 4. Bf4 Bg7 5. Rc1 Nh5 6. Bg5 h6 7. Bh4 c5 8. Nxd5
Nc6 9. e3 Be6 10. Be2 cxd4 11. exd4 Bxd5 12. cxd5 Qxd5 13. Bxh5 gxh5 14. Nf3
Nxd4 15. Nxd4 Bxd4 16. O-O Rg8 17. g3 Rd8 18. Qe2 f6 19. h3 Rd7 20. Kh2 Kf7 21.
Rfd1 Rgd8 22. Rc2 Qf5 23. Rcd2 e6 24. Rd3 Rd5 25. Rf3 Re5 26. Qd3 Qxd3 27.
Rxf6+ Kg7 28. Rxd3 Bb6 29. Rf4 Rxd3 30. Bf6+ Kf7 31. Bxe5+ Ke7 32. Bc3 h4 33.
Bb4+ Kd7 34. Rf7+ Kc6 35. g4 Bd4 36. b3 b6 37. Kg2 a5 38. Bf8 Rd2 39. a4 Be3
40. Kf1 Bg5 41. f4 Bd8 42. Bxh6 Rh2 43. g5 Rxh3 44. g6 Rf3+ 45. Ke2 Rg3 46. g7
h3 47. Bg5 h2 48. g8=Q h1=Q 49. Qe8+ Kc5 50. Qb5+ 1-0